000 00292nam a22001337a 4500
008 190201b xxu||||| |||| 00| 0 eng d
020 _a0256026785
041 _aeng
080 _a316
100 _a50
101 _aSOC
245 _aThe American Class Structure
_cGilbert
942 _2udc
_cBK
999 _c53911
_d53911